[Event "FRA-chT2 0910"]
[Site "France"]
[Date "2009.10.18"]
[Round "3.1"]
[White "David, Vincent"]
[Black "Bleunven, Andre"]
[Result "1-0"]
[WhiteElo "2413"]
[BlackElo "2293"]
[PlyCount "97"]
[EventDate "2009.09.27"]
[EventType "team"]
[EventRounds "11"]
[EventCountry "FRA"]
[Source "ChessBase"]
[SourceDate "2010.03.11"]

1. d4 Nf6 2. c4 e6 3. Nf3 b6 4. g3 Ba6 5. Nbd2 Bb4 6. Qc2 Bb7 7. Bg2 Be4 8. Qb3
Bxd2+ 9. Bxd2 O-O 10. O-O d6 11. Rfd1 Nbd7 12. Rac1 Qe7 13. Qe3 a5 14. Bc3 Rfe8
15. h4 Bb7 16. b3 h6 17. Bh3 Qf8 18. Bb2 Rad8 19. g4 e5 20. dxe5 Bxf3 21. Qxf3
Nxe5 22. Qf5 Qe7 23. Rc3 Nh7 24. h5 Qh4 25. Rg3 Nd7 26. e3 Nc5 27. Bg2 Ng5 28.
Bd5 Re7 29. Kg2 Nge4 30. Rf3 Rf8 31. Rf4 Qg5 32. Qg6 Qxg6 33. hxg6 Ng5 34. Rf5
Nge6 35. gxf7+ Rfxf7 36. Bc3 Kh8 37. Rb1 Nd7 38. a3 Rxf5 39. gxf5 Nd8 40. b4
axb4 41. axb4 c6 42. Bf3 Ne5 43. Be2 Ndf7 44. Ra1 Re8 45. Ra7 Rd8 46. Rb7 Nd7
47. f4 d5 48. c5 bxc5 49. bxc5 1-0

[Event "FRA-chT2 0910"]
[Site "France"]
[Date "2009.10.18"]
[Round "3.1"]
[White "Dieu, Bruno"]
[Black "Bouget, Alexandre"]
[Result "1/2-1/2"]
[WhiteElo "2260"]
[BlackElo "2138"]
[PlyCount "67"]
[EventDate "2009.09.27"]
[EventType "team"]
[EventRounds "11"]
[EventCountry "FRA"]
[Source "ChessBase"]
[SourceDate "2010.03.11"]

1. d4 Nf6 2. c4 g6 3. Nc3 d5 4. cxd5 Nxd5 5. Bd2 Bg7 6. e4 Nxc3 7. Bxc3 c5 8.
d5 Bxc3+ 9. bxc3 O-O 10. Qd2 e6 11. d6 Bd7 12. h4 Qf6 13. Nf3 Bc6 14. Bd3 Nd7
15. Bc2 b5 16. O-O Rfd8 17. Rad1 Rab8 18. Qe3 e5 19. Rfe1 Rb6 20. Rd2 Ra6 21.
Bb1 Bb7 22. Red1 c4 23. Qg5 Qxg5 24. hxg5 Ra3 25. Rc1 Kg7 26. Nh2 f6 27. gxf6+
Kxf6 28. f4 exf4 29. Rf1 Rxc3 30. Rxf4+ Ke6 31. Nf3 Rc1+ 32. Kh2 Rxb1 33. Ng5+
Ke5 34. g3 1/2-1/2

[Event "FRA-chT2 0910"]
[Site "France"]
[Date "2009.10.18"]
[Round "3.1"]
[White "Dussart, Frederic"]
[Black "Dicko, Henri"]
[Result "1-0"]
[WhiteElo "2264"]
[BlackElo "2219"]
[PlyCount "73"]
[EventDate "2009.09.27"]
[EventType "team"]
[EventRounds "11"]
[EventCountry "FRA"]
[Source "ChessBase"]
[SourceDate "2010.03.11"]

1. e4 e5 2. Nf3 Nc6 3. Bc4 Nf6 4. Ng5 d5 5. exd5 Nd4 6. c3 b5 7. Bf1 Nxd5 8.
Ne4 Qh4 9. Ng3 Bg4 10. f3 e4 11. cxd4 Bd6 12. Bxb5+ Kd8 13. O-O exf3 14. Rxf3
Rb8 15. Be2 Re8 16. Re3 Nxe3 17. dxe3 Bxe2 18. Qxe2 Bxg3 19. hxg3 Qxg3 20. Nc3
Rb6 21. Qf2 Qg4 22. Qe2 Qh4 23. e4 f5 24. e5 g5 25. Qf2 Qg4 26. Qf3 Qh4 27. g3
Qxd4+ 28. Be3 Qxe5 29. Bxb6 axb6 30. Rd1+ Ke7 31. Qe2 Qxe2 32. Nxe2 Ra8 33. a3
Ra4 34. Kf2 h5 35. Rh1 h4 36. gxh4 gxh4 37. Kf3 1-0

[Event "FRA-chT2 0910"]
[Site "France"]
[Date "2009.10.18"]
[Round "3.1"]
[White "Favarel, Julien"]
[Black "Laclau, Daniel"]
[Result "1/2-1/2"]
[WhiteElo "2299"]
[BlackElo "2280"]
[PlyCount "71"]
[EventDate "2009.09.27"]
[EventType "team"]
[EventRounds "11"]
[EventCountry "FRA"]
[Source "ChessBase"]
[SourceDate "2010.03.11"]

1. d4 Nf6 2. c4 g6 3. Nc3 d5 4. cxd5 Nxd5 5. e4 Nxc3 6. bxc3 Bg7 7. Bc4 O-O 8.
Ne2 c5 9. O-O Nc6 10. Be3 Qc7 11. Rc1 b6 12. h3 Rd8 13. Bf4 Qb7 14. d5 Na5 15.
Bd3 c4 16. Bb1 e6 17. Be3 exd5 18. Nf4 Be6 19. exd5 Bxd5 20. Nxd5 Rxd5 21. Qg4
Re5 22. Bd4 f5 23. Qg3 Re6 24. Bxg7 Qxg7 25. Rfe1 Qe7 26. Rxe6 Qxe6 27. Bc2 Rd8
28. Ba4 Qd6 29. Qe3 f4 30. Qe4 Rf8 31. Rd1 Qf6 32. Rd7 Rf7 33. Rxf7 Qxf7 34.
Bb5 Kg7 35. Kh2 Qf6 36. Bxc4 1/2-1/2

[Event "FRA-chT2 0910"]
[Site "France"]
[Date "2009.10.18"]
[Round "3.1"]
[White "Fedorchuk, Sergey A"]
[Black "Dobosz, Henryk"]
[Result "1-0"]
[WhiteElo "2643"]
[BlackElo "2367"]
[PlyCount "127"]
[EventDate "2009.09.27"]
[EventType "team"]
[EventRounds "11"]
[EventCountry "FRA"]
[Source "ChessBase"]
[SourceDate "2010.03.11"]
[WhiteTeam "Meaux"]

1. e4 d6 2. d4 Nf6 3. Nc3 e5 4. Nf3 Nbd7 5. Bc4 h6 6. O-O c6 7. a4 Qc7 8. Re1
Be7 9. a5 g5 10. Be3 Rg8 11. d5 a6 12. Nd2 Nf8 13. Na4 cxd5 14. exd5 Bg4 15. f3
Bf5 16. Nb6 Rb8 17. Bd3 Bg6 18. Ra3 N8d7 19. b4 Nxb6 20. Bxb6 Qd7 21. c4 Bxd3
22. Rxd3 Qf5 23. Ne4 Rc8 24. c5 Nxe4 25. fxe4 Qd7 26. Rc3 Qb5 27. c6 Bd8 28.
Bxd8 Kxd8 29. Qf3 Kc7 30. Qxf7+ Kb8 31. c7+ Ka8 32. Rb1 Rgf8 33. Qxf8 Rxf8 34.
c8=Q+ Rxc8 35. Rxc8+ Ka7 36. h3 Qe2 37. Rf1 g4 38. Rg8 Qxe4 39. Rg7 Qxd5 40.
Rf8 e4 41. Rgg8 Qd4+ 42. Kf1 Qa1+ 43. Kf2 Qd4+ 44. Kg3 Qe5+ 45. Kh4 Qe7+ 46.
Kh5 Qe5+ 47. Kxh6 Qe6+ 48. Kg7 Qe7+ 49. Kg6 Qe6+ 50. Kh5 Qe5+ 51. Kh4 Qe7+ 52.
Kxg4 Qe6+ 53. Kf4 Qe5+ 54. Ke3 Qc3+ 55. Kxe4 Qxb4+ 56. Kf3 Qc3+ 57. Kg4 Qxa5
58. h4 Qb4+ 59. Rf4 Qd2 60. Kg3 Qe3+ 61. Rf3 Qe1+ 62. Rf2 Qe3+ 63. Rf3 Qe1+ 64.
Kh3 1-0

[Event "FRA-chT2 0910"]
[Site "France"]
[Date "2009.10.18"]
[Round "3.1"]
[White "Hetey, Laszlo"]
[Black "Roeder, Mathias"]
[Result "1/2-1/2"]
[WhiteElo "2347"]
[BlackElo "2410"]
[PlyCount "115"]
[EventDate "2009.09.27"]
[EventType "team"]
[EventRounds "11"]
[EventCountry "FRA"]
[Source "ChessBase"]
[SourceDate "2010.03.11"]

1. d4 Nf6 2. c4 e6 3. Nf3 b6 4. g3 Ba6 5. b3 Bb7 6. Bg2 Bb4+ 7. Bd2 a5 8. O-O
O-O 9. Nc3 d6 10. Qc2 Nbd7 11. Rfe1 Bxc3 12. Bxc3 Be4 13. Qc1 Qb8 14. Qf4 c5
15. dxc5 bxc5 16. Red1 Ra6 17. Bh3 Re8 18. Nd2 e5 19. Qh4 Ba8 20. e4 Nf8 21.
Bf5 Ng6 22. Qh3 Ne7 23. f3 Nxf5 24. Qxf5 h6 25. Rab1 Bc6 26. Qh3 Nh7 27. Qg2
Ng5 28. Nf1 Ne6 29. Ne3 Nd4 30. Bxd4 exd4 31. Nf5 Bd7 32. g4 Qd8 33. Kh1 Qg5
34. Ng3 Rb6 35. Qd2 Qxd2 36. Rxd2 Reb8 37. Ne2 a4 38. Nc1 Be6 39. Rc2 Rb4 40.
Ra1 Ra8 41. Rb1 Rab8 42. Ra1 h5 43. gxh5 Kh7 44. Kg2 f5 45. e5 dxe5 46. Re2 e4
47. fxe4 fxe4 48. Rxe4 Bf5 49. Re5 Bc2 50. Rxc5 Ra8 51. bxa4 Raxa4 52. Kf2 Be4
53. Re5 Rb2+ 54. Kg3 Bc6 55. Re4 Rbb4 56. Nd3 Ra3 57. Rd1 Rxc4 58. Kf4 1/2-1/2

[Event "FRA-chT2 0910"]
[Site "France"]
[Date "2009.10.18"]
[Round "3.1"]
[White "Jessel, Stephen"]
[Black "Wunderman, Xavier"]
[Result "1-0"]
[WhiteElo "2293"]
[BlackElo "2168"]
[PlyCount "74"]
[EventDate "2009.09.27"]
[EventType "team"]
[EventRounds "11"]
[EventCountry "FRA"]
[Source "ChessBase"]
[SourceDate "2010.03.11"]

1. Nf3 d5 2. c4 c6 3. g3 Nf6 4. Bg2 Bf5 5. cxd5 cxd5 6. Qb3 Bc8 7. Nc3 Nc6 8.
O-O d4 9. Nb5 a6 10. Qa4 axb5 11. Qxa8 e5 12. d3 Nd7 13. Nh4 Qc7 14. Bd2 Nb6
15. Bxc6+ bxc6 16. Qa5 Bd6 17. Rfc1 O-O 18. Bb4 Bxb4 19. Qxb4 Na4 20. Rc2 Qd7
21. b3 c5 22. Qa3 Nc3 23. Qxc5 Bb7 24. f3 Rc8 25. Qxe5 Re8 26. Qf5 Qe7 27. Re1
g5 28. Qg4 Qe3+ 29. Kf1 h5 30. Nf5 hxg4 31. Nxe3 Rxe3 32. fxg4 b4 33. Kf2 Bc8
34. a3 Bxg4 35. a4 Re5 36. Rd2 Nd5 37. Ra1 Ne3 1-0

[Event "FRA-chT2 0910"]
[Site "France"]
[Date "2009.10.18"]
[Round "3.1"]
[White "Luminais, Eric"]
[Black "Petrossian, Armen"]
[Result "0-1"]
[WhiteElo "2183"]
[BlackElo "2421"]
[PlyCount "72"]
[EventDate "2009.09.27"]
[EventType "team"]
[EventRounds "11"]
[EventCountry "FRA"]
[Source "ChessBase"]
[SourceDate "2010.03.11"]

1. c4 e5 2. Nc3 Nf6 3. a3 Be7 4. Nf3 d6 5. e3 Bg4 6. h3 Bh5 7. Be2 c6 8. Qc2
O-O 9. d3 Nbd7 10. g4 Bg6 11. Nh4 Ne8 12. Nxg6 hxg6 13. b4 a5 14. b5 Bh4 15.
bxc6 bxc6 16. Bf3 Rc8 17. O-O Nc5 18. Rb1 f5 19. Bg2 fxg4 20. d4 gxh3 21. Bxh3
Qg5+ 22. Kh2 Rxf2+ 23. Qxf2 Bxf2 24. Rxf2 Qh4 25. Rg2 Nd3 26. Nd1 Nf6 27. Bd2
g5 28. Rb7 g4 29. Rg3 Kf8 30. c5 dxc5 31. dxe5 Nxe5 32. Nf2 Nf3+ 33. Rxf3 gxf3
34. Kg1 Qg3+ 35. Kf1 Ne4 36. Be1 Ng5 0-1

[Event "FRA-chT2 0910"]
[Site "France"]
[Date "2009.10.18"]
[Round "3.1"]
[White "Monroy, Charles"]
[Black "Le Borgne, Pierre"]
[Result "1-0"]
[WhiteElo "2422"]
[BlackElo "2228"]
[PlyCount "83"]
[EventDate "2009.09.27"]
[EventType "team"]
[EventRounds "11"]
[EventCountry "FRA"]
[Source "ChessBase"]
[SourceDate "2010.03.11"]

1. Nf3 Nf6 2. c4 e6 3. g3 b6 4. Bg2 Bb7 5. O-O g6 6. b3 Bg7 7. Bb2 O-O 8. Nc3
d6 9. d4 Nbd7 10. Qc2 Qe7 11. Rad1 a6 12. e4 c5 13. Rfe1 Rfd8 14. a4 Rac8 15.
d5 Ng4 16. h3 Nge5 17. Nd2 g5 18. Nf1 Ng6 19. a5 Bd4 20. Ne3 Qf6 21. Rd2 Rb8
22. axb6 Nxb6 23. Ne2 e5 24. Nxd4 exd4 25. Nf5 Bc8 26. Nxd4 cxd4 27. Bxd4 Qe7
28. b4 Nd7 29. Qc3 Nde5 30. c5 Re8 31. Rf1 Qb7 32. f4 Qxb4 33. fxe5 dxc5 34.
Qf3 Rb7 35. Bc3 Nxe5 36. Qe3 Qb6 37. Qxg5+ Qg6 38. Qf4 Nc4 39. Re2 Rb3 40. Rf3
Bb7 41. Qc7 Rc8 42. Qe7 1-0

[Event "FRA-chT2 0910"]
[Site "France"]
[Date "2009.10.18"]
[Round "3.1"]
[White "Petitcunot, Pierre"]
[Black "Simon, Olivier"]
[Result "1/2-1/2"]
[WhiteElo "2393"]
[BlackElo "2317"]
[PlyCount "70"]
[EventDate "2009.09.27"]
[EventType "team"]
[EventRounds "11"]
[EventCountry "FRA"]
[Source "ChessBase"]
[SourceDate "2010.03.11"]

1. e4 c5 2. Nf3 e6 3. d4 cxd4 4. Nxd4 a6 5. Bd3 Nf6 6. O-O Qc7 7. Qe2 d6 8. c4
g6 9. Nc3 Bg7 10. Nf3 O-O 11. Rd1 Nc6 12. h3 Nd7 13. Bf4 Bxc3 14. bxc3 e5 15.
Bh6 Re8 16. Nh2 Nc5 17. Ng4 Bxg4 18. Qxg4 Nxd3 19. Rxd3 Na5 20. Qh4 Re6 21. Bg5
Nxc4 22. Rf3 Nb6 23. Rd1 Nd7 24. Rxf7 h5 25. Re7 Re8 26. Rxe8+ Rxe8 27. Be7
Qxc3 28. Qg5 Kf7 29. Rxd6 Rxe7 30. Rxg6 Re6 31. Rg7+ Ke8 32. Rg8+ Nf8 33. Qxh5+
Ke7 34. Qg5+ Ke8 35. Qh5+ Ke7 1/2-1/2

[Event "FRA-chT2 0910"]
[Site "France"]
[Date "2009.10.18"]
[Round "3.1"]
[White "Prost, Frederic"]
[Black "Anka, Emil"]
[Result "0-1"]
[WhiteElo "2141"]
[BlackElo "2390"]
[PlyCount "85"]
[EventDate "2009.09.27"]
[EventType "team"]
[EventRounds "11"]
[EventCountry "FRA"]
[Source "ChessBase"]
[SourceDate "2010.03.11"]
[BlackTeam "Mundolsheim"]

1. d4 c5 2. d5 e6 3. e4 exd5 4. exd5 d6 5. Nc3 Nf6 6. Nf3 Be7 7. Be2 O-O 8. O-O
Na6 9. h3 Nc7 10. a4 b6 11. Nh2 Bb7 12. Bf3 a6 13. Re1 b5 14. Ng4 Nxg4 15. hxg4
Re8 16. Bf4 b4 17. Ne2 Bf6 18. Rb1 Qd7 19. c4 Re7 20. Qc2 Rae8 21. Bd2 Bc8 22.
b3 Qd8 23. Ng3 Rxe1+ 24. Rxe1 Rxe1+ 25. Bxe1 Be5 26. Nf1 Ne8 27. Bd2 g6 28. g5
Ng7 29. Be4 Nf5 30. Bxf5 Bxf5 31. Qc1 Qe7 32. Be3 a5 33. Nd2 Bc3 34. Nf1 Be5
35. Nd2 Kf8 36. Nf1 Ke8 37. Nd2 Bc3 38. Nf1 Qe4 39. Ng3 Qd3 40. Nxf5 gxf5 41.
Bf4 Bd4 42. Bxd6 Kd7 43. Bg3 0-1

[Event "FRA-chT2 0910"]
[Site "France"]
[Date "2009.10.18"]
[Round "3.1"]
[White "Regoli, Stephane"]
[Black "Bernard, Christophe"]
[Result "1/2-1/2"]
[WhiteElo "2250"]
[BlackElo "2356"]
[PlyCount "88"]
[EventDate "2009.09.27"]
[EventType "team"]
[EventRounds "11"]
[EventCountry "FRA"]
[Source "ChessBase"]
[SourceDate "2010.03.11"]

1. e4 c5 2. Nf3 d6 3. Bb5+ Bd7 4. Bxd7+ Qxd7 5. O-O Nc6 6. c3 Nf6 7. Re1 e6 8.
d4 cxd4 9. cxd4 d5 10. e5 Ne4 11. Nbd2 Nxd2 12. Bxd2 Be7 13. Rc1 O-O 14. Rc3
Rac8 15. a3 a6 16. h4 Na7 17. Rd3 Rc6 18. Nh2 f5 19. exf6 Bxf6 20. Bb4 Be7 21.
Ng4 Bxb4 22. Ne5 Qd6 23. axb4 Rcc8 24. Qg4 Rce8 25. Rg3 Re7 26. h5 Qxb4 27. Nd3
Qd6 28. Re5 h6 29. Nf4 Nc6 30. Ng6 Nxe5 31. dxe5 Qd8 32. Nxf8 Qxf8 33. Rf3 Qe8
34. Rf6 Kh8 35. Rf4 Rc7 36. Kh2 b5 37. b3 a5 38. Qf3 Kg8 39. g4 b4 40. Qe3 Qd8
41. Qb6 Qe7 42. Qb8+ Kh7 43. Kg3 Rc3+ 44. f3 Qc5 1/2-1/2

[Event "FRA-chT2 0910"]
[Site "France"]
[Date "2009.10.18"]
[Round "3.1"]
[White "Romieux, Sebastien"]
[Black "Gillet, Richard"]
[Result "1-0"]
[WhiteElo "2263"]
[BlackElo "2101"]
[PlyCount "65"]
[EventDate "2009.09.27"]
[EventType "team"]
[EventRounds "11"]
[EventCountry "FRA"]
[Source "ChessBase"]
[SourceDate "2010.03.11"]

1. e4 c5 2. Nf3 d6 3. d4 cxd4 4. Nxd4 Nf6 5. Nc3 a6 6. Bg5 e6 7. f4 Be7 8. Qf3
h6 9. Bh4 Qc7 10. O-O-O Nbd7 11. Kb1 b5 12. Bd3 Bb7 13. Bxf6 Nxf6 14. f5 e5 15.
Nb3 b4 16. Nd5 Bxd5 17. exd5 Qb6 18. g4 Nd7 19. h4 a5 20. g5 a4 21. Nd2 Nc5 22.
f6 gxf6 23. gxf6 Nxd3 24. fxe7 Nf4 25. Rhe1 Ra7 26. Nc4 Qc5 27. Nxe5 dxe5 28.
d6 Kd7 29. Qg4+ Ne6 30. Qf5 Ra5 31. Qxf7 Re8 32. Rg1 Nd4 33. Qxe8+ 1-0

[Event "FRA-chT2 0910"]
[Site "France"]
[Date "2009.10.18"]
[Round "3.2"]
[White "Bedos, Michel"]
[Black "Milesi, Laurent"]
[Result "1-0"]
[WhiteElo "2277"]
[BlackElo "2120"]
[PlyCount "129"]
[EventDate "2009.09.27"]
[EventType "team"]
[EventRounds "11"]
[EventCountry "FRA"]
[Source "ChessBase"]
[SourceDate "2010.03.11"]

1. d4 b6 2. e4 Bb7 3. Bd3 e6 4. Nf3 c5 5. c3 Nf6 6. Qe2 Be7 7. O-O d5 8. e5
Nfd7 9. a3 Nc6 10. b4 c4 11. Bc2 a6 12. Nbd2 Qc7 13. Ne1 h5 14. f4 g6 15. Ndf3
Nf8 16. Be3 Kd7 17. Bf2 Qd8 18. Ng5 Bxg5 19. fxg5 Ne7 20. h4 Nf5 21. a4 Kc7 22.
a5 b5 23. Nf3 Bc6 24. Nh2 Qe7 25. Qf3 Nd7 26. Qf4 Raf8 27. Be1 Kb7 28. Rf3 Rh7
29. Rh3 Rfh8 30. Kf1 Nb8 31. Ke2 Be8 32. Bd2 Nc6 33. Nf3 Qf8 34. Rah1 Nce7 35.
Kd1 Qg7 36. Kc1 Ka7 37. Bd1 Kb7 38. Ng1 Ka7 39. Bf3 Bc6 40. Bd1 Be8 41. Nf3 Kb7
42. g3 Bd7 43. Ne1 Be8 44. Ng2 Bd7 45. Qf2 Qf8 46. Nf4 Ng7 47. g4 hxg4 48. Bxg4
Nef5 49. h5 Nxh5 50. Bxh5 gxh5 51. Rxh5 Qg7 52. Qf3 Kc6 53. R1h3 Rxh5 54. Rxh5
Rxh5 55. Qxh5 Ng3 56. Qh6 Nf5 57. Qf6 Qxf6 58. exf6 Nd6 59. Ne2 Be8 60. Ng1 Nf5
61. Nf3 Kb7 62. Bf4 Kc8 63. Kd1 Kd8 64. Ke1 Kd7 65. Ne5+ 1-0

[Event "FRA-chT2 0910"]
[Site "France"]
[Date "2009.10.18"]
[Round "3.2"]
[White "Bentout, Pascal"]
[Black "Rusev, Krasimir"]
[Result "0-1"]
[WhiteElo "2160"]
[BlackElo "2549"]
[PlyCount "36"]
[EventDate "2009.09.27"]
[EventType "team"]
[EventRounds "11"]
[EventCountry "FRA"]
[Source "ChessBase"]
[SourceDate "2010.03.11"]

1. d4 e6 2. c4 b6 3. Nf3 Nf6 4. g3 Ba6 5. Qa4 c5 6. Bf4 Bb7 7. Nc3 Bc6 8. Qb3
cxd4 9. Nb5 d6 10. Nbxd4 Bb7 11. Bg5 Nbd7 12. Bg2 Be7 13. O-O O-O 14. Rfd1 a6
15. h3 Qc7 16. Rac1 Rfe8 17. g4 Rab8 18. Qe3 Bf8 0-1

[Event "FRA-chT2 0910"]
[Site "France"]
[Date "2009.10.18"]
[Round "3.2"]
[White "Bernard, Vincent"]
[Black "Pozdnjakov, Viatcheslav"]
[Result "1/2-1/2"]
[WhiteElo "2185"]
[BlackElo "2215"]
[PlyCount "140"]
[EventDate "2009.09.27"]
[EventType "team"]
[EventRounds "11"]
[EventCountry "FRA"]
[Source "ChessBase"]
[SourceDate "2010.03.11"]

1. Nf3 d5 2. d4 c6 3. c4 Nf6 4. Nc3 dxc4 5. a4 Bf5 6. e3 e6 7. Bxc4 Bb4 8. O-O
O-O 9. Nh4 Bg6 10. Nxg6 hxg6 11. Qe2 Nbd7 12. Rd1 Qa5 13. Bd2 Rfd8 14. Na2 Bxd2
15. Qxd2 Qh5 16. Qe2 Qh4 17. g3 Qh3 18. Qf1 Qh6 19. Nc3 e5 20. Be2 Qg5 21. Qg2
Re8 22. h4 Qf5 23. e4 Qe6 24. d5 Qe7 25. Qf3 Qb4 26. Rab1 Nc5 27. Bd3 cxd5 28.
Nxd5 Nxd5 29. exd5 e4 30. Qf4 Qxa4 31. b3 Qd7 32. Be2 Rad8 33. Qe3 b6 34. b4
Nb7 35. Ra1 Nd6 36. Qf4 Rc8 37. h5 Rc2 38. Re1 gxh5 39. Bxh5 Rb2 40. Bg4 Qe7
41. Rxa7 Qxa7 42. Qxd6 Rd2 43. Rxe4 Rxe4 44. Qd8+ Re8 45. Qxe8+ Kh7 46. Bd7
Qa1+ 47. Kg2 Qf6 48. Qe3 Qd4 49. Qf3 Qxd5 50. Bf5+ g6 51. Be4 Qe6 52. Qf4 Rb2
53. Bf3 Kg7 54. Qc1 Qe5 55. Qc4 Qe3 56. Qf1 Qb3 57. Qe1 Qxb4 58. Qe5+ Kg8 59.
Bd5 Rd2 60. Qe8+ Qf8 61. Bxf7+ Kg7 62. Qe5+ Kxf7 63. Qf4+ Ke7 64. Qe3+ Kd7 65.
Qxd2+ Qd6 66. Qxd6+ Kxd6 67. f4 Kd5 68. Kf3 b5 69. Ke3 b4 70. g4 b3 1/2-1/2

[Event "FRA-chT2 0910"]
[Site "France"]
[Date "2009.10.18"]
[Round "3.2"]
[White "Bertrand, Quentin"]
[Black "Velasco, Santiago"]
[Result "0-1"]
[WhiteElo "2044"]
[BlackElo "2279"]
[PlyCount "102"]
[EventDate "2009.09.27"]
[EventType "team"]
[EventRounds "11"]
[EventCountry "FRA"]
[Source "ChessBase"]
[SourceDate "2010.03.11"]

1. e4 c5 2. Nf3 Nc6 3. d4 cxd4 4. Nxd4 e5 5. Nb5 d6 6. c4 Be7 7. N1c3 a6 8. Na3
f5 9. exf5 Bxf5 10. Bd3 Be6 11. O-O Nf6 12. Bg5 O-O 13. Bxf6 Rxf6 14. Nc2 Rh6
15. Ne3 Qd7 16. Be4 Rf8 17. Bd5 Kh8 18. Bxe6 Qxe6 19. Qg4 Qf7 20. Ncd5 Rg6 21.
Qe4 Nd4 22. Kh1 Ne6 23. Nf5 Nc5 24. Qe3 Bd8 25. Nxd6 Rxd6 26. Qxc5 Rc6 27. Qb4
Bg5 28. Rae1 Rfc8 29. b3 Rh6 30. h3 Re8 31. f4 Bh4 32. fxe5 Bxe1 33. Qxe1 Rxe5
34. Rxf7 Rxe1+ 35. Kh2 g5 36. Kg3 b5 37. cxb5 axb5 38. Rb7 Ra6 39. Rxb5 Rxa2
40. Kf3 Rf1+ 41. Kg3 Re2 42. Kg4 Rxg2+ 43. Kh5 Rg3 44. Ne7 Rxh3+ 45. Kxg5 Rg3+
46. Kh4 Rgf3 47. Kg4 Rf8 48. Nf5 Rg8+ 49. Kh5 Rh1+ 50. Nh4 Rd8 51. Kg5 h6+ 0-1

[Event "FRA-chT2 0910"]
[Site "France"]
[Date "2009.10.18"]
[Round "3.2"]
[White "Bodenez, Vincent"]
[Black "Giacomini, Hector"]
[Result "0-1"]
[WhiteElo "2204"]
[BlackElo "2257"]
[PlyCount "96"]
[EventDate "2009.09.27"]
[EventType "team"]
[EventRounds "11"]
[EventCountry "FRA"]
[Source "ChessBase"]
[SourceDate "2010.03.11"]

1. e4 c6 2. Nc3 d5 3. Nf3 Bg4 4. h3 Bxf3 5. Qxf3 Nf6 6. d3 e6 7. Bd2 Nbd7 8. g4
Bb4 9. O-O-O O-O 10. g5 Ne8 11. h4 f5 12. exf5 exf5 13. Kb1 Nc7 14. d4 Nb6 15.
a3 Bd6 16. h5 Ne6 17. h6 g6 18. Rg1 Qc7 19. Ne2 Nc4 20. Bb4 Bxb4 21. axb4 Qe7
22. Nf4 Nxf4 23. Qxf4 Qd6 24. Qf3 b5 25. Bxc4 bxc4 26. c3 a5 27. bxa5 Rxa5 28.
Kc2 Qb8 29. Rb1 Re8 30. Kc1 Re4 31. Kc2 Ra7 32. Rgd1 Qd8 33. Qg3 Rae7 34. Ra1
Rg4 35. Qh2 Re2+ 36. Rd2 Rxd2+ 37. Kxd2 Qxg5+ 38. Kc2 Qf4 39. Ra8+ Kf7 40. Ra7+
Kf6 41. Qxf4 Rxf4 42. Rxh7 Rxf2+ 43. Kc1 g5 44. Rc7 g4 45. Rxc6+ Kg5 46. Kd1
Rxb2 47. Ke1 g3 48. Kf1 f4 0-1

[Event "FRA-chT2 0910"]
[Site "France"]
[Date "2009.10.18"]
[Round "3.2"]
[White "Coursaget, Nicolas"]
[Black "Lejarre, Ludovic"]
[Result "1-0"]
[WhiteElo "2311"]
[BlackElo "2386"]
[PlyCount "73"]
[EventDate "2009.09.27"]
[EventType "team"]
[EventRounds "11"]
[EventCountry "FRA"]
[Source "ChessBase"]
[SourceDate "2010.03.11"]

1. d4 Nf6 2. c4 g6 3. Nc3 Bg7 4. e4 d6 5. Nf3 O-O 6. h3 Na6 7. Be3 e5 8. Qd2
Qe7 9. Bd3 exd4 10. Nxd4 Nc5 11. f3 Nxd3+ 12. Qxd3 a6 13. O-O Bd7 14. Rae1 c5
15. Nde2 Bc6 16. Rd1 Rfd8 17. a4 Qe5 18. Bf4 Qh5 19. Qe3 Ne8 20. g4 Qh4 21. Bg5
Qxh3 22. Rf2 Be5 23. Nf4 Qg3+ 24. Rg2 Bd4 25. Rxd4 cxd4 26. Qe2 Qxg2+ 27. Nxg2
f6 28. Bd2 dxc3 29. Bxc3 Bxa4 30. Qd2 Bc6 31. g5 Rd7 32. Ne3 h5 33. gxf6 Rf7
34. Ng2 Nxf6 35. Qxd6 Raf8 36. Nf4 Kh7 37. Ne6 1-0

[Event "FRA-chT2 0910"]
[Site "France"]
[Date "2009.10.18"]
[Round "3.2"]
[White "Crouan, Stephane"]
[Black "Jolly, Jean Francois"]
[Result "1/2-1/2"]
[WhiteElo "2245"]
[BlackElo "2398"]
[PlyCount "74"]
[EventDate "2009.09.27"]
[EventType "team"]
[EventRounds "11"]
[EventCountry "FRA"]
[Source "ChessBase"]
[SourceDate "2010.03.11"]

1. e4 c5 2. Nf3 d6 3. d4 cxd4 4. Nxd4 Nf6 5. Nc3 a6 6. Bg5 e6 7. f4 Nc6 8. e5
h6 9. Bh4 g5 10. fxg5 Nd5 11. Nxd5 exd5 12. e6 Bxe6 13. Nxe6 fxe6 14. Qg4 Qa5+
15. c3 Kd7 16. Be2 Ne5 17. Qg3 Rg8 18. Qh3 hxg5 19. Bg3 g4 20. Qh7+ Be7 21. a3
Qb6 22. Qc2 Qe3 23. Bf2 Qh6 24. Qb3 Kc8 25. c4 g3 26. Be3 Bg5 27. Bxg5 Qxg5 28.
cxd5 exd5 29. Qxd5 Kc7 30. Kd1 Nc6 31. Qxg5 Rxg5 32. hxg3 Rd5+ 33. Ke1 Re8 34.
Rh7+ Kb6 35. Kf1 Rd2 36. Bf3 d5 37. Re1 Rf8 1/2-1/2

[Event "FRA-chT2 0910"]
[Site "France"]
[Date "2009.10.18"]
[Round "3.2"]
[White "Debeaune, Robin"]
[Black "Deslandes, Pascal"]
[Result "0-1"]
[WhiteElo "2168"]
[BlackElo "2312"]
[PlyCount "72"]
[EventDate "2009.09.27"]
[EventType "team"]
[EventRounds "11"]
[EventCountry "FRA"]
[Source "ChessBase"]
[SourceDate "2010.03.11"]

1. g3 Nf6 2. Bg2 g6 3. Nf3 Bg7 4. O-O O-O 5. d3 d6 6. c4 e5 7. Nc3 a5 8. Rb1
Nc6 9. a3 Re8 10. b4 axb4 11. axb4 e4 12. Nxe4 Nxe4 13. dxe4 Rxe4 14. b5 Nd4
15. e3 Nxf3+ 16. Bxf3 Rxc4 17. Bd5 Rc5 18. Qf3 Qe8 19. Rb4 c6 20. bxc6 bxc6 21.
Bb3 d5 22. e4 Rc3 23. Qd1 c5 24. Bxd5 cxb4 25. Bxa8 Bh3 26. Bd5 Bxf1 27. Kxf1
Qb5+ 28. Kg2 Qd3 29. Qd2 Qf3+ 30. Kh3 h5 31. Bb2 Rd3 32. Qxb4 Qxf2 33. Qb8+ Kh7
34. Bxg7 Kxg7 35. Qe5+ Kh7 36. Qg5 Rd2 0-1

[Event "FRA-chT2 0910"]
[Site "France"]
[Date "2009.10.18"]
[Round "3.2"]
[White "Frederic, Clement"]
[Black "Friess, Nicolas"]
[Result "0-1"]
[WhiteElo "2207"]
[BlackElo "2203"]
[PlyCount "41"]
[EventDate "2009.09.27"]
[EventType "team"]
[EventRounds "11"]
[EventCountry "FRA"]
[Source "ChessBase"]
[SourceDate "2010.03.11"]

1. e4 e6 2. Nc3 d5 3. d4 Bb4 4. e5 c5 5. a3 Bxc3+ 6. bxc3 Qa5 7. Bd2 Qa4 8. Qb1
c4 9. h4 Nc6 10. Rh3 Nge7 11. h5 h6 12. f4 Bd7 13. Nf3 O-O-O 14. Be2 Rdf8 15.
Be3 Rhg8 16. Kd2 f6 17. g4 Be8 18. Qh1 g5 19. fxg5 fxg5 20. Nh2 Kd7 21. Rf3 0-1

[Event "FRA-chT2 0910"]
[Site "France"]
[Date "2009.10.18"]
[Round "3.2"]
[White "Guyader, Thierry"]
[Black "Herdier, Goulwenn"]
[Result "0-1"]
[WhiteElo "2163"]
[BlackElo "2157"]
[PlyCount "82"]
[EventDate "2009.09.27"]
[EventType "team"]
[EventRounds "11"]
[EventCountry "FRA"]
[Source "ChessBase"]
[SourceDate "2010.03.11"]

1. e4 c5 2. c3 d5 3. exd5 Qxd5 4. d4 cxd4 5. cxd4 Nc6 6. Nf3 Bg4 7. Be2 Rd8 8.
Nc3 Qa5 9. Be3 Nf6 10. h3 Bh5 11. O-O e6 12. Qd2 Bb4 13. a3 Bxc3 14. Qxc3 Qd5
15. Qc5 a6 16. Rfd1 Qd6 17. Rac1 Nd5 18. Bd2 Nce7 19. g4 Bg6 20. Ne5 O-O 21.
Bf3 Qb8 22. Bg5 f6 23. Nxg6 Nxg6 24. Bd2 Ndf4 25. Bxf4 Nxf4 26. Qc7 Nxh3+ 27.
Kf1 b5 28. b4 Nf4 29. Qxb8 Rxb8 30. Rc6 Rfc8 31. Rdc1 Rxc6 32. Rxc6 Rd8 33.
Rxa6 Rxd4 34. Rb6 Rd3 35. Be2 Rxa3 36. Ke1 Ra1+ 37. Bd1 Nd5 38. Rxe6 Nxb4 39.
Rb6 Nd5 40. Rb7 Nc3 41. Rd7 Rxd1+ 0-1